| 000 | 01556cam a22003857a 4500 | ||
|---|---|---|---|
| 003 | CHAP | ||
| 005 | 20220329141611.0 | ||
| 008 | 971013s1992 cl r 10010 spa d | ||
| 010 | _a70819 | ||
| 011 | _a71791 | ||
| 035 | _a81345 | ||
| 040 | _cCHAP | ||
| 082 |
_a338.18 _bM5 v.4 |
||
| 111 | 0 | 0 |
_aMesa Redonda sobre Diseño e Instrumentación de la Nueva Política Agrícola en América Latina y el Caribe Bases Metodológicas ( _d1991 _c: Asunción, Paraguay) _975072 |
| 245 | 1 | 3 | _aLa política agrícola en la apertura de la economía, el caso de Uruguay |
| 260 |
_aSantiago, Chile : _bFAO, _c1992 |
||
| 300 | _a97 p. | ||
| 490 | 0 | _aRLAC/92/21 PLAN-23 | |
| 590 |
_aBATCH-UPD _b10 _c20130110 _lUCH01 _h0409 |
||
| 590 |
_aBATCH-UPD _b10 _c20130110 _lUCH01 _h2020 |
||
| 590 |
_aBATCH-UPD _b10 _c20130410 _lUCH01 _h0043 |
||
| 590 |
_aBATCH-UPD _b10 _c20130410 _lUCH01 _h1519 |
||
| 590 |
_aBATCH-UPD _b10 _c20130914 _lUCH01 _h1814 |
||
| 590 |
_aCONVERSION _b10 _c20130109 _lUCH01 _h1339 |
||
| 650 | 1 | 4 |
_aAgricultura _xAspectos economicos _zUruguay. _91315 |
| 650 | 1 | 4 |
_aPolítica agrícola _xUruguay. _990373 |
| 650 | 1 | 4 |
_aPolítica agrícola _zAmérica Latina. _990380 |
| 710 | 0 |
_aFAO. Oficina Regional para América Latina y el Caribe. _939640 |
|
| 830 | 0 |
_aRLAC/92/21 PLAN-23 _997834 |
|
| 901 | _aBK | ||
| 942 | _cLIBRO | ||
| 949 |
_a338.18 M5 v.4 _bBC _cFAO _d-34647 _eFAO2 _fc.2 _h86555 _i81345 _mD _si |
||
| 949 |
_a338.18 M5 v.4 _bBC _cFAO _d-34648 _eFAO1 _h86554 _i81345 _mD _si |
||
| 949 |
_a338.18 M5 v.4 _bBC _cFAO _d33724002098769 _eFAO2 _fc.3 _gDonaciØn _h114382 _i81345 _sb |
||
| 999 |
_c70819 _d70819 |
||